00000000nam 2200000zi 4500
0019.946901
003CaOODSP
00520250121091805
006m     o  d f      
007cr mn|||||||||
008250115m20102013onca    ou   f001 0 fre d
020 |z0660973784
040 |aCaOODSP|bfre|erda|cCaOODSP
043 |an-cn---
0861 |aNR24-28/2010F-PDF|zNR20-2/1-2010F
24500|aCode national du bâtiment - Canada, 2010 / |cpublié par la Commission canadienne des codes du bâtiment et de prévention des incendies.
24617|aCode national du bâtiment - Canada, 2010. |pVolume 1
24617|aCode national du bâtiment - Canada, 2010. |pVolume 2
250 |aTroisième impression comprend les révisions et les errata publiés le 21 décembre 2012 et le 31 octobre 2013.
264 1|aOttawa : |bConseil national de recherches du Canada, |c2010-2013.
264 4|c©2010
300 |a1 ressource en ligne (1 volume (pagination multiple)) : |billustrations
336 |atexte|btxt|2rdacontent/fre
337 |ainformatique|bc|2rdamedia/fre
338 |aressource en ligne|bcr|2rdacarrier/fre
500 |aTitre de la couverture.
500 |aComprend un index.
500 |aLe numéro de catalogue (NR20-2/1-2010F) et l'ISBN (0660973784) de l'édition imprimée ont été copiés dans l'édition électronique.
500 |aPublié aussi en anglais sous le titre : National Building Code of Canada 2010.
520 |a« Le Code national du bâtiment - Canada 2005 (CNB) renferme les dispositions techniques concernant la conception et la construction de bâtiments neufs. Il s'applique aussi à la transformation des bâtiments, à leur changement d'usage et à la démolition de bâtiments existants » -- Préface, page v.
650 6|aConstruction|xDroit|zCanada|vCodes.
650 6|aConstructions|xNormes|zCanada.
7102 |aCommission canadienne des codes du bâtiment et de prévention des incendies, |eorganisme de publication.
77508|tNational Building Code of Canada 2010 / |w(CaOODSP)9.946899
794 |tCode national du bâtiment - Canada 2015.|w(CaOODSP)9.804880
795 |tCode national du bâtiment - Canada, 2005 / |w(CaOODSP)9.946886
85640|qPDF|s19.4 Mo|uhttps://publications.gc.ca/collections/collection_2025/cnrc-nrc/NR24-28-2010-fra.pdf
986 |a53301F